รัฐประศาสนศาสตร์ : (ระเบียนเลขที่ 68897)
| 000 -LEADER | |
|---|---|
| fixed length control field | 01003nam a22002057a 4500 |
| 005 - DATE AND TIME OF LATEST TRANSACTION | |
| control field | 20210325211450.0 |
| 008 - FIXED-LENGTH DATA ELEMENTS--GENERAL INFORMATION | |
| fixed length control field | s2552 th ||||| |||| 00| 0 tha d |
| 020 ## - INTERNATIONAL STANDARD BOOK NUMBER | |
| International Standard Book Number | 9741315929 |
| 040 ## - CATALOGING SOURCE | |
| Original cataloging agency | NALT |
| 050 ## - LIBRARY OF CONGRESS CALL NUMBER | |
| Classification number | JF 1358 |
| Item number | พ671ร 2552 |
| 100 0# - MAIN ENTRY--PERSONAL NAME | |
| Personal name | พิทยา บวรวัฒนา |
| 9 (RLIN) | 43057 |
| 245 10 - TITLE STATEMENT | |
| Title | รัฐประศาสนศาสตร์ : |
| Remainder of title | ทฤษฎีและแนวการศึกษา (ค.ศ.1887 - ค.ศ.1970) / |
| Statement of responsibility, etc. | พิทยา บวรวัฒนา. |
| 250 ## - EDITION STATEMENT | |
| Edition statement | พิมพ์ครั้งที่ 15 |
| 260 ## - PUBLICATION, DISTRIBUTION, ETC. | |
| Place of publication, distribution, etc. | กรุงเทพฯ : |
| Name of publisher, distributor, etc. | โรงพิมพ์แห่งจุฬาลงกรณ์มหาวิทยาลัย, |
| Date of publication, distribution, etc. | 2552. |
| 300 ## - PHYSICAL DESCRIPTION | |
| Extent | 173 หน้า : |
| Other physical details | ภาพประกอบ, ตาราง ; |
| Dimensions | 26 ซม. |
| 650 #4 - SUBJECT ADDED ENTRY--TOPICAL TERM | |
| Topical term or geographic name entry element | รัฐประศาสนศาสตร์ |
| 9 (RLIN) | 26131 |
| 850 ## - HOLDING INSTITUTION | |
| Holding institution | NALT |
| 942 ## - ADDED ENTRY ELEMENTS (KOHA) | |
| Koha item type | General Book |
| Source of classification or shelving scheme | Library of Congress Classification |
| Withdrawn status | Lost status | Damaged status | Not for loan | Collection code | Home library | Current library | Source of acquisition | Total Checkouts | Full call number | Barcode | Date last seen | Price effective from | Koha item type |
|---|---|---|---|---|---|---|---|---|---|---|---|---|---|
| General Book collection | National Assembly Library of Thailand | National Assembly Library of Thailand | บริจาค | JF 1358 พ671ร 2552 | 3961192723 | 09/06/2017 | 09/06/2017 | General Book |
